Continuous mixing of powder rubber on the twin screw extruder (Record no. 56253)

MARC details
000 -LEADER
fixed length control field 00517nam a2200193Ia 4500
100 ## - MAIN ENTRY--AUTHOR NAME
Personal name Uphus R
245 #0 - TITLE STATEMENT
Title Continuous mixing of powder rubber on the twin screw extruder
260 ## - PUBLICATION, DISTRIBUTION, ETC. (IMPRINT)
Name of publisher Kautschuk Gummi Kunststoffe
Year of publication 2000
300 ## - PHYSICAL DESCRIPTION
Number of Pages 279-289
650 ## - SUBJECT ADDED ENTRY--TOPICAL TERM
Topical Term Continuous mixing
650 ## - SUBJECT ADDED ENTRY--TOPICAL TERM
Topical Term Process development
650 ## - SUBJECT ADDED ENTRY--TOPICAL TERM
Topical Term Screw elements
650 ## - SUBJECT ADDED ENTRY--TOPICAL TERM
Topical Term Twin screw extruder
700 ## - ADDED ENTRY--PERSONAL NAME
Personal name Gorl U
700 ## - ADDED ENTRY--PERSONAL NAME
Personal name Schuster R H
700 ## - ADDED ENTRY--PERSONAL NAME
Personal name Skibba O
942 ## - ADDED ENTRY ELEMENTS (KOHA)
Koha item type Journals
Holdings
Withdrawn status Lost status Damaged status Not for loan Home library Current library Shelving location Date acquired Serial Enumeration / chronology Koha item type
      Journals RRII Library RRII Library Rubber chemistry 17/12/2021 Volume 53, Issue 5 Journals